[Event "TM PKWN"]
[Site "Nałęczów"]
[Round "3"]
[Date "1979.07.??"]
[White "Przewoznik, Jan"]
[Black "Vogt, Lothar"]
[WhiteElo "2240"]
[BlackElo "2500"]
[Result "1-0"]
[Plycount "56"]

{Komentarz: Jan Przewoźnik (2019). Oto moje pierwsze zwycięstwo odniesione nad arcymistrzem. Miało duże motywujące znaczenie w
dalszej pracy nad szachami. Ciekawa była w tej partii idea realizacji siły
dalekosiężnych figur: hetmana, wież i białopolowego gońca. A serię
taktycznych uderzeń rozpoczął skromny pionek i potem krótkonogi skoczek.}
1. e4 c5 2. Nf3 e6 3. c3 {Ponieważ miałem kłopoty z zapamiętywaniem
głównych teoretycznych wariantów, to często kierowałem partie na mniej
znane ścieżki, licząc na swoją kreatywność.} d5 4. exd5 exd5 5. d4 Nc6 6.
Be3 c4 7. b3 cxb3 8. axb3 Bd6 9. Bd3 Nge7 10. O-O O-O {Teraz białe będą
mogły uzyskać przewagę pary gońców w otwartej pozycji. Gdyby czarne
przewidziały dalsze działania białych, związane z wykorzystaniem
przekątnej a1-h7, to zapewne zagrałyby profilaktyczne Gc8-f5. Jedno
posunięcie i za chwilę już będzie za późno.} 11. Nh4 Ng6 12. Nf5 Bxf5 13.
Bxf5 Qc7 14. Qh5 a6 $6 (14... Nce7 $5 15. Bd3 f5 $5 $11) 15. c4 Bf4 $2 (
15... Bb4 $5 {[Jonathan Speelman]}) 16. Nc3 Bxe3 17. fxe3 dxc4 18. bxc4 Nce7
19. Bd3 {Białe mają już wyraźną przewagę. Silne centrum pionkowe,
operatywny goniec, stwarzający zagrożenie skoczek, otwarta linia "f" - to
już podstawy do gry na wygraną.} b5 $6 {Czarne stwarzają sobie ważny atut
w pozycji - dwa połączone wolne pionki. Ale białe mają z kolei swoje atuty
- wolne pionki i aktywność figur. Gra staje się przez to coraz ciekawsza.}
20. c5 Qd7 {[#]} 21. Be4 $1 {Białe przygotowują już kombinację, opartą na idei
związania.} Ra7 22. c6 $1 Nxc6 23. Nxb5 Raa8 ({Ostatnią szansę na ratowanie
remisu dawał wariant:} 23... axb5 24. Bxc6 Qe7 25. Rxa7 Qxa7 26. Bxb5) 24. Qc5
Nge7 ({Ciekawy wariant przytacza komentujący tę partię Jonathan Speelman:}
24... Rac8 25. Bf5 Nxd4 26. exd4 Rxc5 27. Bxd7 Rxb5 28. Bxb5 axb5 $18) 25. Nd6
Ra7 {Partia była grana na słynnym międzynarodowym turnieju w uzdrowisku
w Nałęczowie. Naczelnikowi miasta tak się spodobała ta pozycja i
następująca kombinacja, że umieścił ją przy wejściu do parku na
wielkiej drewnianej szachownicy. Była tam przez ponad 15 lat! I zawsze, gdy
wchodziłem do parku... :) Ciekawe ilu kuracjuszy leczyło serce widokiem
pozycji i kombinacji.} 26. Nxf7 Rxf7 27. Rxf7 Kxf7 28. Rf1+ ({Jeśli} Rf1+ Ke8 (28... Ke6 29. d5 Nxd5 30. Bf5)
{(g8), to} 29. Bxc6 Qxc6 (29... Nxc6 30. Rf8) 30. Qxa7) 1-0

[Event "TM PKWN"]
[Site "Nałęczów"]
[Round "?"]
[Date "1980.07.??"]
[White "Lukov, Valentin"]
[Black "Przewoznik, Jan"]
[WhiteElo "2440"]
[BlackElo "2340"]
[Result "0-1"]
[Plycount "78"]

{Komentarz: Jan Przewoźnik (2019). Ta partia stanowiła owoc kilkuletnich analiz w debiucie, który był wtedy uważany za niepoprawny – w Gambicie Blumenfelda. Wzmocniłem warianty posunięciem 5…Ha5+. Już wtedy od jakiegoś czasu nosiłem się z zamiarem napisania książki “Z dalekich wypraw” – o dalekich marszach królów szachowych. Dlaczego taki tytuł? Wiadomo – mieszkałem wtedy w Lublinie. Budka Suflera! Gdy policzyłem, że na końcu białe nie dają jednak ani mata, ani wiecznego szacha, to bardzo się ucieszyłem ze złowienia jeszcze jednego przykładu do książki. Partia ilustruje też rolę wtrąconych posunięć. Od pewnego momentu na groźby białych czarne systematycznie reagują wtrąconymi kontr-groźbami.} 1. d4 Nf6 2. c4 e6 3. Nf3 c5 4. d5 b5 5. Bg5 Qa5+ {Nad tym wariantem spędziłem wiele godzin. Potem z tej i pozostałej pracy analitycznej powstały trzy książki o "Gambicie Blumenfelda": po polsku, angielsku i niemiecku, dwie ostatnie raz z Malcolmem Peinem, a raz z Jerzym Konikowskim.} 6. Qd2 Qxd2+ 7. Nfxd2 bxc4 8. Bxf6 gxf6 9. e4 Na6 10. Bxc4 Rb8 11. Nc3 {Interesująca ofiara pionka. Oczywiście zawodnik o stylu
kontratakującym bierze ten materiał.} Rxb2 12. O-O-O Rb8 13. Nb5 Bb7 {I przypomina o słabości na d5.} 14. Nb3 f5 $1 {I przypomina o niestabilnym centrum. To klasyczne uderzenie dla tego wariantu.} 15. dxe6 fxe6 16. Nd6+ Bxd6 17. Rxd6 Nb4 {Znowu coś białym zagraża.} 18. exf5 Ke7 {Dla odmiany teraz motyw wtrącenia.} 19. Rd2 Bxg2 {I znowu tempo.} 20. Rg1 d5 {I kolejne.} 21. Rxg2 dxc4 22. Nxc5 {[#]} Rhc8 $3 $17 {Ze znalezienia tego posunięcia byłem bardzo zadowolony. Tyle czarnych chmur już nagromadziło się nad pozycją czarnego króla, a tu taki kontratak! Ciekawostka zza kulis - już przed tym posunięciem należało policzyć, czy białe w pogoni za czarnym królem dadzą mata lub złowią przynajmniej wiecznego szacha.} (22... Rhd8 23. Rxd8 (23. Rg7+ Kf6 24. Rxa7 Nd3+ $11) 23... Nxa2+ 24. Kc2 Rxd8 $11) (
22... c3 23. Rd7+ (23. f6+ Kxf6 24. Ne4+ Kf5 $11) 23... Kf6 24. Ne4+ Ke5 $11) (
22... exf5 23. Rg7+ (23. a3 Nd3+ 24. Nxd3 cxd3 $11) 23... Kf6 24. Rxa7 Ra8 $11)
(22... Nd3+) 23. f6+ (23. Rd7+ Kf6 24. Ne4+ Ke5 $11) 23... Kf7 24. Ne4 {
Teraz sprawy idą już forsownie.} Nd3+ $19 25. Kd1 Rb1+ 26. Ke2 Nf4+ 27. Kf3
Nxg2 28. Rd7+ Kg6 29. Rg7+ Kh6 30. Rxg2 c3 31. f7 c2 32. Nf6 c1=Q 33. Ng8+ Kh5
34. Nf6+ Kh4 35. Rg4+ Kh3 36. Rg3+ Kxh2 37. Ng4+ Kh1 38. Rh3+ Kg1 39. Ne3
Qc6+ {Szkoda, że białe nie pogoniły czarnego króla szachami aż na d2.
Byłaby wtedy zrealizowana piękna tematyczna podróż z e7 na d2. Byłaby w tym biegu zachowana pewna symetria.} 0-1

[Event "Mem Rubinsteina"]
[Site "Polanica-Zdrój"]
[Round "3"]
[Date "1980.08.??"]
[White "Plachetka, Jan"]
[Black "Przewoznik, Jan"]
[WhiteElo "2480"]
[BlackElo "2340"]
[Result "0-1"]
[Plycount "82"]

{Komentarz: Jan Przewoźnik (2019). Jak pisałem wcześniej, także i ta partia jest owocem moich kilkuletnich
studiów nad Gambitem Blumenfelda. Debiut długo był uważany za niepoprawny.
Partię pokazuję, bo obydwie strony bardzo oryginalnie rozsypywały figury na
szachownicy. Trudno nazwać te taktyczne pojedynki rozstawianiem figur. Trzeba
było mieć oczy otwarte na każdy zakątek szachownicy. Trochę zwariowana
partia.} 1. d4 Nf6 2. c4 e6 3. Nf3 c5 4. d5 b5 5. Bg5 {Według ówczesnego
stanu teorii, to posunięcie powinno dać przewagę.} Qa5+ {A to już moje
analizy.} 6. Bd2 Qb6 7. Nc3 bxc4 8. e4 Ba6 9. Qc2 exd5 10. e5 $2 {
Klasycznie. Ale lepiej było po prostu wziąć pionka na d5. [#]} Qe6 $1 11. O-O-O
Ne4 12. Nxe4 dxe4 13. Qxe4 $6 (13. Ng5 $1 Qg6 $1 14. Bxc4 Bxc4 15. Qxc4
Nc6 16. Nxe4 Be7 17. Rhe1 $14) 13... d5 $1 $15 14. Bg5 h6 (14... Nc6 15. Qxd5
Qxd5 16. Rxd5 Nb4 17. Rd2 Nd3+ 18. Bxd3 cxd3 $15) 15. Rxd5 hxg5 16. Nxg5 Qg6
17. Qg4 $2 (17. Qxg6 $1 $11 fxg6 18. Ne6 Bb7 19. Nc7+ Ke7 20. Bxc4 Rh4 21. b3
Nd7 22. Nxa8 Bxa8 23. Rd6 Nb6 24. Re6+ Kf7 25. Rxb6+ Rxc4+ 26. bxc4 axb6 $11)
17... Be7 $19 {Na groźby białych czarne od kilku posunięć regularnie
odpowiadają kąśliwymi kontrami. To gra na czas - jedno tempo może
zadecydować o wyniku partii.} 18. f4 Bxg5 19. fxg5 O-O 20. Rd6 Bc8 21. Qh4 Qh7
22. Qxc4 Bf5 23. Qf4 Nd7 24. Bb5 Nb6 25. Rf1 Be6 26. Bd3 Qh5 27. Qe4 c4 28. Bc2
Qxg5+ 29. Kb1 g6 30. h4 Qh5 31. Qd4 Qe2 32. Rf6 Qe1+ 33. Bd1 Bf5+ 34. Kc1
c3 35. bxc3 Rac8 36. Rc6 Rcd8 37. Rcd6 Rxd6 38. Rxd6 Rc8 39. Rd8+ Rxd8 40.
Qxd8+ Kh7 41. Qd4 Qe4 0-1

[Event "MP-m"]
[Site "Warszawa"]
[Round "11"]
[Date "1981.02.??"]
[White "Przewoznik, Jan"]
[Black "Ksieski, Zbigniew"]
[WhiteElo "2370"]
[BlackElo "2345"]
[Result "1-0"]
[Plycount "81"]

{Komentarz: Jan Przewoźnik (2019). Ta partia ma ważny podtekst. Na widowni siedział ówczesny Prezydent
Lublina, Pan Stanisław Bora. To on, wspólnie ze Zdzisławem Wojcieszynem
umożliwił mi zamieszkanie w Lublinie i grę w "Starcie" podczas studiów. No
więc chciałem pokazać za to mieszkanie prawdziwą, męską walkę. Sam się
później dziwiłem, że aż taką. Partia trochę w stylu "Huzia na Józia".
Dokładniej - Zbyszka. Z jednej strony - kolega, a z drugiej - "Start" walczy
z "Avią"! "Święta wojna"!} 1. e4 c5 2. Nf3 d6 3. d4 cxd4 4. Nxd4 Nf6 5. Nc3
a6 6. Be3 Qc7 7. Be2 e6 8. O-O Be7 9. a4 O-O 10. f4 Nc6 11. Kh1 Nxd4 12. Bxd4
e5 13. Be3 exf4 14. Bxf4 Be6 {Ulubiony wariant Zbyszka, kolegi z Avii Świdnik.
Napisał później ciekawą książkę na temat wariantu scheveningena.} 15.
Bg5 {Posunięcie prowokacyjne, zainspirowane studiami nad Laskerem. Chodziło
mi o osłabienie pozycji czarnego króla i uzyskanie prostego ataku.} h6 16.
Bf4 Rac8 17. Qd2 Nd7 18. Bxh6 {Czasem idziesz na pozycje wątpliwe, ale
wierzysz, że ty sobie poradzisz w ataku, a przeciwnik w obronie nie. Można
to nazwać psychologią.} gxh6 19. Qxh6 $14 Ne5 20. Rf3 $1 {W tym samym duchu.
A Stanisław Bora siedzi na widowni! :)} Ng6 21. Raf1 $6 (21. e5 $1 $14) 21...
Qd8 $2 (21... Rfe8 $1 $11) 22. Rg3 Bf6 23. Rxg6+ fxg6 24. Qxg6+ Kh8 25. Qh6+
Kg8 {[#]} 26. e5 $1 $16 Rxc3 $2 27. exf6 $18 Rc7 28. Rf3 Rh7 29. Qg6+ Kh8 30.
Bd3 Qd7 31. Re3 Bd5 32. Qg5 Qxa4 33. h3 Qh4 34. Qxd5 Rh6 35. f7 Rf6 36. Re4 Qh6
37. Qd4 Qc1+ 38. Kh2 Kg7 39. Rg4+ Kxf7 40. Qd5+ Ke8 41. Qxb7 {A Pan Stanisław
siedział i nie wiedział, że to dla niego. Skomentował za chwilę przebieg
partii, że kluby niby zaprzyjaźnione - a taka mordercza walka! Tak też
było! Ta przyjaźń nie przeczyła idei "Świętych wojen".} 1-0

[Event "Corr."]
[Site "Partia korespondencyjna, finał DME 1988–1994"]
[Date "1988.??.??"]
[Round "?"]
[White "Lanc, Alois"]
[Black "Przewoznik, Jan"]
[Result "0-1"]
[WhiteElo "2580"]
[BlackElo "2502"]
[Plycount "74"]

{Komentarz: Jan Przewoźnik (2019). Z tej partii jestem szczególnie dumny, gdyż udało mi się zrealizować w
klasyczny sposób ideę blokady, zgodnie z zaleceniami Aarona Nimzowitscha.
Na uwagę zasługują też szczególnie kontratakujące posunięcia czarnych.}
1. e4 c5 2. Nf3 Nc6 3. d4 cxd4 4. Nxd4 Nf6 5. Nc3 e5 6. Ndb5 d6 7. Nd5 Nxd5 8.
exd5 Ne7 9. c4 Ng6 10. Qa4 Bd7 11. Qb4 Qb8 (11... Bxb5 12. Qxb5+ Qd7 13. Qxd7+
Kxd7 $14) 12. h4 $5 (12. Be3 b6 13. Be2 Be7 14. O-O O-O 15. a4 f5 $1 {z kontrgrą})
12... h5 (12... Be7 13. h5 Nf8 $14) 13. g3 Be7 14. Be2 $1 Bg4 $5 (14... O-O $2
15. Bxh5) (14... f5 15. Bg5 $1) 15. f3 {Teraz w obozie białych powstają
słabości - obiekty do zaczepienia.} (15. Bxg4 hxg4 16. h5 f5 {Z planem Sg6-f8-d7-f6
}) 15... Bd7 16. a4 O-O 17. Nc3 f5 18. Bg5 a5 $5 19. Qb3 Qd8 20. Bxe7 Qxe7 21.
O-O-O (21. Qxb7 $2 Rfb8 22. Qc7 Rxb2) 21... f4 22. Bd3 (22. gxf4
Nxf4) (22. g4 hxg4 23. h5 Nh4 24. fxg4 f3 25. Bd3 Bxg4) 22... e4 $5 (22... Bf5
23. Bxf5 Rxf5 24. Qc2 Raf8 25. g4 hxg4 26. fxg4 R5f6 27. Ne4 R6f7 28. Ng5 Rf6
29. h5 $16) 23. Bxe4 (23. fxe4 fxg3 {Z planem 24... Se5-/+}) 23... Ne5 24. gxf4 Rxf4
{(z rekompensatą)} 25. c5 (25. Qxb7 Rc8 26. b3 Rxh4) 25... Be8 $2 (25... Nxf3 $1 $15)
26. cxd6 $2 (26. c6 Rf7 $1 27. cxb7 Rb8) (26. Ne2 $1 $14) 26... Qxd6 27. Ne2 $2
(27. Qa3 $1 Qxa3 28. bxa3 Rc8 29. Kb2 Kf8 $11) 27... Nxf3 $1 $19 28. Bxf3
(28. Nxf4 Qxf4+ 29. Kb1 Qxe4+ $19) 28... Rc8+ 29. Nc3 (29. Kd2 Bxa4 30. Qd3
Qb4+ 31. Ke3 Re8+ 32. Kf2 Rxf3+ $1 33. Kxf3 (33. Qxf3 Bxd1 34. Rxd1 Rf8 $19)
33... Bb5 $19) 29... Rxf3 30. Kb1 {[#]} b5 $1 31. axb5 a4 $1 32. Qxa4 Bg6+ 33. Ka2 (33. Kc1 Qg3
{. Słabość skoczka na c3 decyduje o zwycięstwie czarnych.}) 33... Qf8 $1 {Decydujące pozycyjne posunięcie.
Siła rażenia dalekosiężnych figur czarnych jest w tej pozycji imponująca.}
34. Rhg1 (34. Kb3 Rf2 $1 35. Rc1 Ra8 36. Qb4 Rxb2+ 37. Kxb2 Qxb4#) 34... Ra8
35. Rxg6 Rxa4+ 36. Nxa4 Qb4 37. Nc3 Rf2 $1 0-1

[Event "TM"]
[Site "Timisoara"]
[Date "1987.??.??"]
[Round "?"]
[White "Przewoznik, Jan"]
[Black "Suba, Mihai"]
[Result "1-0"]
[WhiteElo "2430"]
[BlackElo "2560"]
[PlyCount "78"]

{Komentarz: Jan Przewoźnik (2019). Ta partia ma dla mnie znaczenie sportowe. W tamtych latach rumuński
arcymistrz Mihai Šuba uważany był za jednego z największych specjalistów
na świecie w wariancie scheveningen. Oczywiście przygotowałem się.} 1. e4
c5 2. Nf3 d6 3. d4 Nf6 4. Nc3 cxd4 5. Nxd4 e6 6. Be2 a6 7. O-O Be7 8. f4 O-O 9.
Kh1 Qc7 10. Bf3 Nc6 11. Nxc6 bxc6 12. e5 dxe5 13. fxe5 Nd5 14. Qe1 Rd8 15. Bd2
a5 16. Na4 {Białe grają całą partię z zamysłem wykorzystania lepszej
struktury pionkowej.} Bd7 17. c4 Nb4 18. Be4 {I jak to bywa w tym wariancie,
trzeba myśleć też o ewentualnym ataku na króla.} Be8 19. Rf3 c5 20. Rh3 g6
21. Bxa8 Rxa8 22. Qe3 Bf8 23. Nc3 Bc6 {Za ofiarowaną jakość czarne mają
parę gońców, możliwość zaatakowania pionka e5 i generalnie aktywne
figury. Tylko że białe... też stoją wysoko.} 24. Qg3 Rd8 {[#]} 25. Nb5 $1 {
Pamiętam, jak ważne było dla mnie wtedy uproszczenie pozycji, aby pozbawić
przeciwnika kontry. Czasem dokonujemy takich psychologicznych wyborów dla
uzyskania większego komfortu przy szachownicy.} Bxb5 26. Bxb4 $1 Bxc4 27. Qh4
{To dodatkowe tempo bardzo się przydaje.} h5 28. Bxa5 $1 Qxa5 29. Qxc4 Bg7 30.
Re3 Rd4 31. Qc3 Qa6 32. Qxc5 Rf4 33. Ree1 Bf8 34. Qe3 Rb4 35. Re2 Rb5 36. h3
Bg7 37. Qc3 Ra5 38. a3 Rd5 39. Rae1 Rd3 1-0

[Event "MP-m"]
[Site "Warszawa"]
[Date "1990.03.??"]
[Round "1"]
[White "Przewoznik, Jan"]
[Black "Gdanski, Jacek"]
[Result "1-0"]
[WhiteElo "2415"]
[BlackElo "2430"]
[PlyCount "79"]

{Komentarz: Jan Przewoźnik (2019). Tę partię lubię z powodu oryginalnego rozrzucenia figur na szachownicy.
Można mniej uwagi zwracać na warianty, a bardziej na diagramy. Po prostu -
coś wizualnego. Obydwie strony się o to postarały, aby zafundować
Czytelnikowi ciekawe widoki!} 1. Nf3 c5 2. c4 Nc6 3. d4 cxd4 4. Nxd4 Nf6 5. Nc3
Qb6 6. Nc2 e6 7. e3 Be7 8. Be2 O-O 9. O-O a6 10. e4 d6 11. b3 Qc7 12. Be3 b6
13. Rc1 Ne5 14. Nd4 Bb7 15. f3 Rac8 16. Qe1 Qb8 17. Qf2 Bd8 18. Rfd1 Bc7 19.
Kh1 Kh8 20. b4 Rg8 21. Nb3 Ned7 {Zaczyna się...} 22. g4 $14 g5 23. h4
gxh4 24. Qxh4 d5 {Typowe uderzenie w centrum.} 25. cxd5 Bg3 26. Qh3
Rxc3 $6 {Oczywiście zagrane w duchu atmosfery, jaka już unosiła się nad
szachownicą. Jak mawiał Szymek: "Dymiło".} (26... Bf4 $1 $13) 27. Rxc3 exd5 {[#]}
28. g5 $1 $18 Be5 29. Nd4 dxe4 30. Nc6 exf3 31. Bxf3 Qe8 32.
Nxe5 Qxe5 33. Bxb7 Qxc3 34. gxf6 Nf8 {Pomimo przewagi figury białe muszą
jeszcze grać dokładnie w niedoczasie.} 35. Qh6 Qxb4 36. Rg1 Ng6 37. Rg5 {
Z drobną pułapką - ofiarą hetmana na h7.} Qe1+ 38. Bg1 Qd1 39. Bd5 Qf1 40.
Qxh7+ {A jednak...} 1-0

[Event "Fibak Noma Cup"]
[Site "Katowice"]
[Date "1992.??.??"]
[Round "7"]
[White "Malaniuk, Vladimir P"]
[Black "Przewoznik, Jan"]
[Result "0-1"]
[WhiteElo "2550"]
[BlackElo "2415"]
[PlyCount "122"]

{Komentarz: Jan Przewoźnik (2019). Jak już pisałem, chciałem kiedyś napisać książkę pod tytułem "Z
dalekich wypraw", o marszach królewskich w debiucie i grze środkowej. W tej
partii ambitnie zbierałem materiał.} 1. d4 Nc6 2. e4 e5 3. dxe5 Nxe5 4. Bf4
Ng6 5. Bg3 Bb4+ 6. c3 Bc5 7. Nd2 a5 8. h4 d6 9. h5 Ne5 10. Be2 Nh6 11. Ngf3
Nxf3+ 12. Bxf3 O-O 13. Bf4 Qf6 14. g3 a4 15. Kf1 Qe6 16. Rh4 f5 17. Kg2 Kh8 18.
exf5 Nxf5 19. Rh1 Bd7 20. Ne4 Ba7 21. Ng5 Qf6 22. Qd3 h6 23. Ne4 Qf7 24. a3 Bc6
25. Nd2 Ne7 26. Bxc6 bxc6 $1 {To posunięcie z jednej strony wzmacnia centrum,
ale, co ważniejsze, otwiera linię "b" do dalszego nacisku na pozycję
białych. Czarne mają już do dyspozycji dwie półotwarte linie, przekątną
a7-g1 (punkt f2!), oraz perspektywę wzmocnienia pozycji skoczka. Brakuje
jeszcze aktywizacji... króla.} 27. Nf3 Rab8 28. Qc2 Nd5 29. Nh4 Nxf4+ 30. gxf4
Kg8 31. Ng6 Qd5+ 32. Kg3 Rfe8 33. Rad1 Qb5 34. Rd2 Kf7 35. Kg4 Re6 36. c4 Qa5
37. f5 Ree8 38. Nf4 Kg8 39. Ng6 Kf7 40. Nf4 {[#]} Kf6 $1 {Wykrzyknik
postawiłbym sobie za waleczność. :) Pamiętam, jak podczas partii już
sobie powtarzałem: "Poluj na piękną partię!".} 41. Ne6 { Teraz nie
mogłem doliczyć konsekwencji ofiary na e6 i szacha na g5. A tak należało
grać, z równą grą. No ale wtedy nie byłoby marszu królewskiego.} Rb3 $2
42. Re2 Reb8 43. Rhe1 $2 (43. f4 $1 $18) 43... Bxf2 $1 {Teraz pozycja
białych się rozsypuje. Czarne grają dokładnie do końca.} 44. Rf1 $2 (44.
Nd8 Rg3+ 45. Kf4 Rxd8 46. Re6+ Kf7 47. Qxf2 Rg5 $15) 44... Rg3+ 45. Kh4 Rc3+
46. Rfxf2 Rxc2 47. Rxc2 Qe1 48. Rce2 Qc1 49. Nf4 Qxc4 50. Kg4 Rb5 51. Re6+ Kf7
52. Rfe2 Re5 53. R2xe5 dxe5 54. Rxe5 Qd4 55. Re6 c5 56. Kf3 Qxb2 57. Ng6 Qxa3+
58. Ke4 Qb4+ 59. Kd5 Qb5 60. Ne5+ Kg8 61. Re7 a3 0-1